Kebakaran

Bibliographic Details
Main Author: Zulhelmi Zul
Format: Book
Published: Kuala Lumpur : Pustaka Cita Tinggi , 1996
Series:Siri Tetangga Ria
Subjects:

MARC

LEADER 00000cam a2200000 7i4500
001 0000009516
002 000010369
005 20000330.0
020 |a 9830231127 
090 0 0 |a JF   |b ZUL 
100 0 |a Zulhelmi Zul 
245 1 0 |a Kebakaran   |c Zulhelmi Zul 
260 |a Kuala Lumpur :   |b Pustaka Cita Tinggi ,   |c 1996 
300 |a 28p. :   |b ill. ;   |c 21cm. 
490 0 |a Siri Tetangga Ria 
650 0 0 |a Children's stories, Malay 
999 |a 045890   |b BUKU   |c PINJAMAN   |e PERPUSTAKAAN KOMUNITI CAW KOTA DAMANSARA